<?xml version="1.0" encoding="UTF-8"?>
<record
    xmlns:xsi="http://www.w3.org/2001/XMLSchema-instance"
    xsi:schemaLocation="http://www.loc.gov/MARC21/slim http://www.loc.gov/standards/marcxml/schema/MARC21slim.xsd"
    xmlns="http://www.loc.gov/MARC21/slim">

  <leader>01110nam a22003017a 4500</leader>
  <controlfield tag="005">20170511141818.0</controlfield>
  <datafield tag="010" ind1=" " ind2=" ">
    <subfield code="a">1617EN EN-116902</subfield>
  </datafield>
  <datafield tag="020" ind1=" " ind2=" ">
    <subfield code="a">9788126552566</subfield>
    <subfield code="c">829.00</subfield>
  </datafield>
  <datafield tag="035" ind1=" " ind2=" ">
    <subfield code="a">B-653789-795</subfield>
  </datafield>
  <datafield tag="035" ind1=" " ind2=" ">
    <subfield code="a">1617EN</subfield>
  </datafield>
  <datafield tag="035" ind1=" " ind2=" ">
    <subfield code="a">EN-100434</subfield>
  </datafield>
  <datafield tag="035" ind1=" " ind2=" ">
    <subfield code="a">B-665164</subfield>
  </datafield>
  <datafield tag="037" ind1=" " ind2=" ">
    <subfield code="b">ABC</subfield>
  </datafield>
  <datafield tag="037" ind1=" " ind2=" ">
    <subfield code="b">DBAD/PUB</subfield>
  </datafield>
  <datafield tag="082" ind1=" " ind2=" ">
    <subfield code="a">530</subfield>
  </datafield>
  <datafield tag="100" ind1=" " ind2=" ">
    <subfield code="a">Walker, Jearl</subfield>
  </datafield>
  <datafield tag="245" ind1=" " ind2=" ">
    <subfield code="a">Halliday &amp; Resnick principles of physics /</subfield>
    <subfield code="c">by Jearl Walker</subfield>
  </datafield>
  <datafield tag="246" ind1=" " ind2=" ">
    <subfield code="a">Fundamentals of physics</subfield>
  </datafield>
  <datafield tag="250" ind1=" " ind2=" ">
    <subfield code="a">10th ed</subfield>
  </datafield>
  <datafield tag="260" ind1=" " ind2=" ">
    <subfield code="c">2016</subfield>
    <subfield code="a">New Delhi</subfield>
    <subfield code="b">John Wiley </subfield>
  </datafield>
  <datafield tag="270" ind1=" " ind2=" ">
    <subfield code="a">4435-36/7, Ansari Road,Daryaganj</subfield>
    <subfield code="b">New Delhi</subfield>
    <subfield code="e">110002</subfield>
  </datafield>
  <datafield tag="300" ind1=" " ind2=" ">
    <subfield code="c">25cm(pbk)</subfield>
    <subfield code="a">1244p.</subfield>
    <subfield code="b">ill.</subfield>
  </datafield>
  <datafield tag="500" ind1=" " ind2=" ">
    <subfield code="a">Includes index</subfield>
  </datafield>
  <datafield tag="650" ind1=" " ind2=" ">
    <subfield code="a"> Physics </subfield>
    <subfield code="v">Textbooks.</subfield>
  </datafield>
  <datafield tag="942" ind1=" " ind2=" ">
    <subfield code="c">EN</subfield>
    <subfield code="2">ddc</subfield>
    <subfield code="m">WAL</subfield>
    <subfield code="h">530</subfield>
  </datafield>
  <datafield tag="999" ind1=" " ind2=" ">
    <subfield code="c">101818</subfield>
    <subfield code="d">101818</subfield>
  </datafield>
  <datafield tag="952" ind1=" " ind2=" ">
    <subfield code="0">0</subfield>
    <subfield code="1">0</subfield>
    <subfield code="4">0</subfield>
    <subfield code="7">1</subfield>
    <subfield code="8">NFIC</subfield>
    <subfield code="a">DBAD</subfield>
    <subfield code="b">BN</subfield>
    <subfield code="d">2016-12-22</subfield>
    <subfield code="e">DBAD/PUB</subfield>
    <subfield code="g">829.00</subfield>
    <subfield code="l">0</subfield>
    <subfield code="o">530 WAL</subfield>
    <subfield code="p">EN-100434</subfield>
    <subfield code="r">2016-12-22 00:00:00</subfield>
    <subfield code="t">1</subfield>
    <subfield code="v">829.00</subfield>
    <subfield code="y">EN</subfield>
  </datafield>
  <datafield tag="952" ind1=" " ind2=" ">
    <subfield code="0">0</subfield>
    <subfield code="1">0</subfield>
    <subfield code="4">0</subfield>
    <subfield code="7">0</subfield>
    <subfield code="8">NFIC</subfield>
    <subfield code="a">L</subfield>
    <subfield code="b">L</subfield>
    <subfield code="d">2017-02-20</subfield>
    <subfield code="e">BPPD/En/2016-17/286/24.11.2016/4986/28.11.2016/4.1.2017</subfield>
    <subfield code="g">829.00</subfield>
    <subfield code="l">5</subfield>
    <subfield code="o">530 WAL</subfield>
    <subfield code="p">B-653789</subfield>
    <subfield code="q">2017-09-11</subfield>
    <subfield code="r">2017-08-28 00:00:00</subfield>
    <subfield code="s">2017-08-28</subfield>
    <subfield code="t">1</subfield>
    <subfield code="v">829.00</subfield>
    <subfield code="w">2017-02-20</subfield>
    <subfield code="y">EN</subfield>
  </datafield>
  <datafield tag="952" ind1=" " ind2=" ">
    <subfield code="0">0</subfield>
    <subfield code="1">0</subfield>
    <subfield code="4">0</subfield>
    <subfield code="7">0</subfield>
    <subfield code="8">NFIC</subfield>
    <subfield code="a">NPL</subfield>
    <subfield code="b">NPL</subfield>
    <subfield code="d">2017-02-20</subfield>
    <subfield code="e">BPPD/En/2016-17/286/24.11.2016/4986/28.11.2016/4.1.2017</subfield>
    <subfield code="g">829.00</subfield>
    <subfield code="l">0</subfield>
    <subfield code="o">530 WAL</subfield>
    <subfield code="p">B-653790</subfield>
    <subfield code="r">2017-02-20 00:00:00</subfield>
    <subfield code="t">1</subfield>
    <subfield code="v">829.00</subfield>
    <subfield code="y">EN</subfield>
  </datafield>
  <datafield tag="952" ind1=" " ind2=" ">
    <subfield code="0">0</subfield>
    <subfield code="1">0</subfield>
    <subfield code="4">0</subfield>
    <subfield code="7">0</subfield>
    <subfield code="8">NFIC</subfield>
    <subfield code="a">BL1</subfield>
    <subfield code="b">BL1</subfield>
    <subfield code="d">2017-02-20</subfield>
    <subfield code="e">BPPD/En/2016-17/286/24.11.2016/4986/28.11.2016/4.1.2017</subfield>
    <subfield code="g">829.00</subfield>
    <subfield code="l">5</subfield>
    <subfield code="m">3</subfield>
    <subfield code="o">530 WAL</subfield>
    <subfield code="p">B-653791</subfield>
    <subfield code="r">2025-07-22 00:00:00</subfield>
    <subfield code="s">2025-06-19</subfield>
    <subfield code="t">1</subfield>
    <subfield code="v">829.00</subfield>
    <subfield code="y">EN</subfield>
  </datafield>
  <datafield tag="952" ind1=" " ind2=" ">
    <subfield code="0">0</subfield>
    <subfield code="1">0</subfield>
    <subfield code="4">0</subfield>
    <subfield code="7">0</subfield>
    <subfield code="8">NFIC</subfield>
    <subfield code="a">JP</subfield>
    <subfield code="b">JP</subfield>
    <subfield code="d">2017-02-20</subfield>
    <subfield code="e">BPPD/En/2016-17/286/24.11.2016/4986/28.11.2016/4.1.2017</subfield>
    <subfield code="g">829.00</subfield>
    <subfield code="l">32</subfield>
    <subfield code="m">2</subfield>
    <subfield code="o">530 WAL</subfield>
    <subfield code="p">B-653792</subfield>
    <subfield code="r">2023-05-26 00:00:00</subfield>
    <subfield code="s">2023-05-13</subfield>
    <subfield code="t">1</subfield>
    <subfield code="v">829.00</subfield>
    <subfield code="y">EN</subfield>
  </datafield>
  <datafield tag="952" ind1=" " ind2=" ">
    <subfield code="0">0</subfield>
    <subfield code="1">0</subfield>
    <subfield code="4">0</subfield>
    <subfield code="7">0</subfield>
    <subfield code="8">NFIC</subfield>
    <subfield code="a">ZLS</subfield>
    <subfield code="b">ZLS</subfield>
    <subfield code="d">2017-02-20</subfield>
    <subfield code="e">BPPD/En/2016-17/286/24.11.2016/4986/28.11.2016/4.1.2017</subfield>
    <subfield code="g">829.00</subfield>
    <subfield code="l">17</subfield>
    <subfield code="m">16</subfield>
    <subfield code="o">530 WAL</subfield>
    <subfield code="p">B-653793</subfield>
    <subfield code="r">2024-08-24 00:00:00</subfield>
    <subfield code="s">2024-07-22</subfield>
    <subfield code="t">1</subfield>
    <subfield code="v">829.00</subfield>
    <subfield code="y">EN</subfield>
  </datafield>
  <datafield tag="952" ind1=" " ind2=" ">
    <subfield code="0">0</subfield>
    <subfield code="1">0</subfield>
    <subfield code="4">0</subfield>
    <subfield code="7">0</subfield>
    <subfield code="8">NFIC</subfield>
    <subfield code="a">BN</subfield>
    <subfield code="b">BN</subfield>
    <subfield code="d">2017-02-20</subfield>
    <subfield code="e">BPPD/En/2016-17/286/24.11.2016/4986/28.11.2016/4.1.2017</subfield>
    <subfield code="g">829.00</subfield>
    <subfield code="l">10</subfield>
    <subfield code="m">7</subfield>
    <subfield code="o">530 WAL</subfield>
    <subfield code="p">B-653794</subfield>
    <subfield code="r">2024-08-17 00:00:00</subfield>
    <subfield code="s">2024-07-31</subfield>
    <subfield code="t">1</subfield>
    <subfield code="v">829.00</subfield>
    <subfield code="y">EN</subfield>
  </datafield>
  <datafield tag="952" ind1=" " ind2=" ">
    <subfield code="0">0</subfield>
    <subfield code="1">0</subfield>
    <subfield code="4">0</subfield>
    <subfield code="7">0</subfield>
    <subfield code="8">NFIC</subfield>
    <subfield code="a">BL4</subfield>
    <subfield code="b">BL4</subfield>
    <subfield code="d">2017-02-20</subfield>
    <subfield code="e">BPPD/En/2016-17/286/24.11.2016/4986/28.11.2016/4.1.2017</subfield>
    <subfield code="g">829.00</subfield>
    <subfield code="l">15</subfield>
    <subfield code="m">12</subfield>
    <subfield code="o">530 WAL</subfield>
    <subfield code="p">B-653795</subfield>
    <subfield code="r">2026-06-18 12:28:06</subfield>
    <subfield code="s">2026-06-04</subfield>
    <subfield code="t">1</subfield>
    <subfield code="v">829.00</subfield>
    <subfield code="y">EN</subfield>
  </datafield>
  <datafield tag="952" ind1=" " ind2=" ">
    <subfield code="0">0</subfield>
    <subfield code="1">0</subfield>
    <subfield code="4">0</subfield>
    <subfield code="7">0</subfield>
    <subfield code="8">NFIC</subfield>
    <subfield code="a">AV</subfield>
    <subfield code="b">AV</subfield>
    <subfield code="d">2017-05-11</subfield>
    <subfield code="e">BPPD/EN/2016-17/AV/16-17/452/15.2.2017/5058/28.2.2017/ 7.3.2017</subfield>
    <subfield code="g">829.00</subfield>
    <subfield code="l">4</subfield>
    <subfield code="m">3</subfield>
    <subfield code="o">530 WAL</subfield>
    <subfield code="p">B-665164</subfield>
    <subfield code="r">2024-05-31 00:00:00</subfield>
    <subfield code="s">2024-04-18</subfield>
    <subfield code="t">1</subfield>
    <subfield code="v">829.00</subfield>
    <subfield code="w">2017-05-11</subfield>
    <subfield code="y">EN</subfield>
  </datafield>
</record>
